000 00788nam a2200253Ia 4500
003 OSt
005 20220927110456.0
006 a|||||r|||| 00| 0
007 ta
008 220926b |||||||| |||| 00| 0 eng d
024 _a74223
037 _cReports
040 _aRTL
_cRTL
_beng
041 _2eng
_aeng
082 _a"X9.242r, J6/GD"
110 _a"Himachal Pradesh, Government of..... Industries (Director of....)"
_9378642
245 0 _aIndustrial survey report of Himachal Pradesh.
260 _aSimla
_bGovernment Press India
_c1956
300 _a110p.
_ccm.
650 _aIndustrial Economics
700 _a"Himachal Pradesh, Government of..... Industries (Director of....)"
_9378643
942 _h"X9.242r, J6/GD"
_cCC
999 _c696922
_d696922